000 01020nam a22003137a 4500
003 CHAP
005 20220329140450.0
008 971013s1980 r 00010 d
010 _a52379
011 _a53351
035 _a57501
040 _cCHAP
090 _aFolleto 8060
100 0 0 _aRomo Calderón, Enrique.
_999708
245 _aCaracterísticas de tres variedades de sorgo para los Valles Altos
260 _aChapingo, Méx. :
_bINIA. Campo Agrícola Experimental Valle de Mexico,
_c1980
300 _a10 p.
_b: ilus.
490 _aCircular CIAMEC
_v; 130
590 _aBATCH-UPD
_b10
_c20130110
_lUCH01
_h2049
590 _aBATCH-UPD
_b10
_c20130410
_lUCH01
_h1402
590 _aBATCH-UPD
_b10
_c20130914
_lUCH01
_h0910
590 _aCONVERSION
_b10
_c20130109
_lUCH01
_h1328
650 1 4 _aSorgo
_xVariedades.
_9108734
700 0 _aCarballo Carballo, Aquiles.
_918795
830 0 _aCircular CIAMEC
_v; 130
_923365
901 _aBK
942 _cFOLL
949 _aFolleto 8060
_bBC
_cFOLL
_d-125048
_eTS1
_i57501
_si
999 _c52379
_d52379